00694nam a2200157 a 450000100100000000500170001000800410002702000150006804000250008310000420010824501690015026000780031930000210039770000330041870000850045100003976720201002033725.0130718s1986 ch 000 0 spa d a8483401312 aDO-SdBNPbspacBNPHU1 aPérez Rosales, Vicente,d1807-1886.10aVicente Pérez Rosales :bpáginas escogidas /ccompilación de Alfonso Caderón Semblanza de Vicente Pérez Rosales por Enrique Campos Menéndez. Calderón. aSantiago de Chile :bEditorial UniversitariabBiblioteca Nacional,c1986. a279 p. ;c25 cm.1 aCalderón, Alfonsoepról.1 aCampos Menéndez, Enrique,d1914-tSemblanza de Vicente Pérez Rosales.f1986.